UBT Library

FINANCIAL OPTIONS FROM THEORY TO PRACTICE (Record no. 36179)

000 -LEADER
fixed length control field 00317nam a22001337a 4500
008 - FIXED-LENGTH DATA ELEMENTS--GENERAL INFORMATION
fixed length control field 171027b xxu||||| |||| 00| 0 eng d
020 ## - INTERNATIONAL STANDARD BOOK NUMBER
International Standard Book Number 9781556232343
041 ## - LANGUAGE CODE
Language code of text/sound track or separate title eng
080 ## - UNIVERSAL DECIMAL CLASSIFICATION NUMBER
Universal Decimal Classification number 336
100 ## - Rafti
Rafti 56
101 ## - Shkurtesa
Shkurtesa FIN
245 ## - TITLE STATEMENT
Title FINANCIAL OPTIONS FROM THEORY TO PRACTICE
Statement of responsibility, etc SILBER.W.L
942 ## - ADDED ENTRY ELEMENTS (KOHA)
Source of classification or shelving scheme
Item type Books
Holdings
Withdrawn status Lost status Source of classification or shelving scheme Damaged status Not for loan Collection code Permanent location Current location Shelving location Date acquired Total Checkouts Full call number Barcode Date last seen Price effective from Koha item type
          Koleksioni i përgjithshem UBT - Lipjan UBT - Lipjan Koleksioni i përgjithshem 10/27/2017   336 SIL 002-2934147 10/27/2017 10/27/2017 Books
UBT Library © 2015-2024. All rights reserved University Education for Business and Technology